000 00928nam a2200265 a 4500
001 66403
003 BD-RjUL
005 20211209081535.0
008 170315s1950 nyuac b 001 0 eng d
035 _a(BD-RjUL)66533
035 _a(OCoLC)
040 _aDLC
_cFMU
_dMdU-H
_dUk
_dCoU-M
_dDLC
_d(BD-RjUL)
_beng
041 _aeng
082 _223
_a616.01
_bWIM 1950.
100 1 _aWitton, Catherine Jones,
_9196505
245 1 0 _aMicrobiology :
_bwith applications to nursing /
_cCatherine Jones Witton.
250 _a1st ed.
260 _aNew York :
_bMcGraw-Hill,
_c1950.
300 _axiv, 692 p. :
_bill. ;
_c24 cm.
490 0 _aMcGraw-Hill series in nursing
500 _aSupplemented by: "Laboratory manual for microbiology" 1st ed. (viii, 76 p. 28 cm.) published: New Yor, McGraw-Hill, 1952. CALL NUMBER: QR46.W75 Manual
504 _aIncludes bibliographies.
650 0 _aMicroorganisms.
_9196506
942 _2ddc
_cBK
999 _c66403
_d66403